| 000 | 01077cam a2200253 i 4500 | ||
|---|---|---|---|
| 003 | SA-RiAUC | ||
| 005 | 20250722070105.0 | ||
| 008 | 250721q19001999ua g 000 0bara c | ||
| 040 |
_aSA-JeALM _bara _cSA-RiAUC _erda |
||
| 082 | 0 | 4 | _a239.6 |
| 090 |
_a239.6 _bم ح م |
||
| 100 | 1 |
_aمحمود تيمور، محمود بن أحمد إسماعيل، _d1894-1973 _eمؤلف. |
|
| 245 | 1 | 2 |
_aالنبي الإنسان : _bومقالات أخر/ _cمحمود تيمور. |
| 264 | 1 |
_aالقاهرة : _bمكتبة الآداب ومطبعتها، _c[بين 1900 و1999] |
|
| 300 |
_a224 صفحة ؛ _c20 سم. |
||
| 336 |
_aنص _btxt _2rdacontent _3كتاب |
||
| 337 |
_aبدون وسيط _bn _2rdamedia |
||
| 338 |
_aمجلد _bnc _2rdacarrier |
||
| 600 | 0 | 7 |
_aمحمد (صلى الله عليه وسلم)، _d53 قبل الهجرة-11 هجري _vمقالات ومحاضرات _2aucnm |
| 650 | 7 |
_aالسيرة النبوية _vمقالات ومحاضرات _2aucsh |
|
| 650 | 7 |
_aأخلاق الرسول _2aucsh |
|
| 942 |
_2ddc _cBOOK _n0 |
||
| 949 |
_aSA-JeALM _d250721 _uosman123 _n1 |
||
| 999 |
_c10185 _d10185 |
||